000 00907nam0a22002411 4500
001 v19\rc\1224466
005 20250617224232.0
035 _a(NLR Aleph) 004386068
090 _a3689915
_c3689915
100 _a20060306d1878 |||y0rusy50 ca
101 0 _arus
_afre
102 _aRU
105 _ay z |||a|
200 1 _aСтихотворения, поднесенные их императорским величествам по случаю современных событий в пользу Красного креста
_fП.К. Вейдлинг
210 _aСанкт-Петербург
_cтип. Тренке и Фюсно
_d1878
215 _a15 с.
_d21
300 _aТекст на франц. яз.
700 1 _aВейдлинг
_bП.К.
_gПетр Карлович
801 0 _aRU
_bNLR
_gpsbo
801 1 _aRU
_bProSoft-M
_2rusmarc
852 _aNLR
_j18.132.3.67
942 _cBOOK
980 _aNB